Score 0/25 Timer 05:00
58 Plays Today
Picture # Dog Breed % Correct
10Pug
92.5%
2Beagle
88.9%
7Golden Retriever
83.5%
8German Shepherd
80%
25Siberian Husky
79.1%
21Welsh Corgi
71.1%
15Saint Bernard
70.1%
6Rottweiler
68.7%
14Poodle
68.2%
1Basset Hound
65.6%
9Dachshund
65.4%
18American Pitbull Terrier
62.8%
3Bulldog
60%
Picture # Dog Breed % Correct
24Jack Russell Terrier
59.8%
13Labrador Retriever
59.2%
5Chihuahua
58.1%
19Pomeranian
54.7%
20Shar Pei
46.9%
12Chow Chow
46%
4Great Dane
45.2%
11Bernese Mountain Dog
42.3%
22Australian Shepherd
41.8%
16Boston Terrier
40%
17Greyhound
37.4%
23Bichon Frise
26.5%

You're not logged in!

Compare scores with friends on all Sporcle quizzes.
OR
Log In

Sporcle TV

Today on Sporcle TV


Watch our educational content, quiz creation guides, and fun videos on Sporcle TV.

Show Comments

Extras

Top Quizzes Today


Score Distribution

Paid Content

Your Account Isn't Verified!

In order to create a playlist on Sporcle, you need to verify the email address you used during registration. Go to your Sporcle Settings to finish the process.

Report this User

Report this user for behavior that violates our Community Guidelines.

Details: